| 000 | 00458nam a22001697a 4500 | ||
|---|---|---|---|
| 999 |
_c525852 _d525852 |
||
| 003 | NUST | ||
| 020 | _qH/B | ||
| 038 | _awaseem | ||
| 082 |
_a891.423 _bSAN |
||
| 100 |
_aSanwar Chadhar _916797 |
||
| 245 |
_aPipal Purani Bowain De / _cSanwar Chadhar |
||
| 260 |
_aLahore : _bPunjabi Adbi Sangat, _c1999. |
||
| 300 | _a128 p. ; | ||
| 880 |
_6100-01\r _aثناور چدھڑ |
||
| 880 |
_6245-02\r _aپِیل پُرانی بھوئیں دا / |
||
| 942 |
_2ddc _cBK |
||